Chinese cookbook
| Format: | Book |
|---|---|
| Published: |
California :
Lane Publishing ,
1988
|
| Subjects: |
MARC
| LEADER | 00000cam a2200000 7i4500 | ||
|---|---|---|---|
| 001 | 0000005350 | ||
| 002 | 000005781 | ||
| 005 | 20000330.0 | ||
| 020 | |a 0376023023 | ||
| 090 | 0 | 0 | |a 641.5952 |b CHI |
| 245 | 0 | 0 | |a Chinese cookbook |c by the Editors of Sunset Booksand Sunset Magazine |
| 260 | |a California : |b Lane Publishing , |c 1988 | ||
| 300 | |a 96p. : |b ill. ; |c 27cm. | ||
| 650 | 0 | 0 | |a Cookery, Chinese |
| 999 | |a 032844 |b BUKU |c PINJAMAN |e PERPUSTAKAAN KOMUNITI PETALING JAYA | ||
| 999 | |a 032845 |b BUKU |c PINJAMAN |e PERPUSTAKAAN KOMUNITI PETALING JAYA | ||